Revista Iberoamericana de Educación Ciencia, Tecnología y Sociedad ante la Educación
Kaydedildi:
| Yazar: | |
|---|---|
| Materyal Türü: | Kitap |
| Dil: | Spanish |
| Konular: | |
| Etiketler: |
Etiketle
Etiket eklenmemiş, İlk siz ekleyin!
|
MARC
| LEADER | 00000nam a22000007a 4500 | ||
|---|---|---|---|
| 003 | cru CIDCACS/IIS | ||
| 005 | 20230906165816.0 | ||
| 008 | 230906b1998 es ||||| |||| 00| 0 spa d | ||
| 040 | |c cru CIDCACS/IIS | ||
| 090 | |a REV1293(18) 1993 | ||
| 100 | 1 | |9 11695 |a Organización de Estados Iberoamericanos (OEI) | |
| 245 | |a Revista Iberoamericana de Educación |b Ciencia, Tecnología y Sociedad ante la Educación | ||
| 300 | |b Vol. 18 (1998) | ||
| 650 | 0 | |9 944 |a EDUCACION | |
| 650 | 0 | |9 26 |a SOCIEDAD | |
| 650 | 0 | |9 1732 |a CIENCIA Y TECNOLOGIA | |
| 773 | 0 | |0 45234 |9 9686 |d España OEI 1993- |o 12619 |t Revista Iberoamericana de Educación |x 1022-6508-X | |
| 942 | |2 z |c PP | ||
| 999 | |c 45235 |d 45235 | ||
